000 01798nam a2200265 i 4500
001 BRCA_9371
003 BRCA
005 20240122174404.0
006 a|||||r|||| 001 |
007 ta
008 240122b |||||||| |||| 00| 0 eng d
020 _a978-607-8172-41-2
040 _aBiblioteca Franz Mayer
_bspa
_cBiblioteca Rogerio Casas Alatristes
_dBiblioteca Rogerio Casas Alatristes
050 _aF1201
_b.C352 2017
082 _20
100 _aCastillo, Gilda
_eCoordinación editorial y cuidado de la edición
_930012
245 _aEl Nopal: emblema nacional
_cGilda Castillo, Coordinación editorial y cuidado de la edición; Agustín Estrada y Araceli Limón, Diseño, fotografía y edición
250 _aPrimera edición
260 _aMéxico
_bFundación Herdez
_c2017
300 _a122 páginas
_bFotografías y tablas
_c18 x 18 cm
500 _aFotografía de una pintura de la Colección Franz Mayer: página 29
501 _aUbicación: L59-N5
520 _aEn buena parte del territorio de México las plantas de nopal son un elemento importante del paisaje. Su imagen guarda para nosotros significados diversos y uno de los más relevantes es sin duda su presencia en el escudo nacional. Este símbolo nos habla del mito fundacional de la nación mexicana. También descubrimos las profundas raíces simbólicas que tiene el nopal para nuestra cultura desde tiempos prehispánicos, a partir de las numerosas representaciones del mismo en códices, por ejemplo. Nos enteramos que a largo de la historia el emblema nacional ha pasado por diversos estadios antes de llegar a ser tal como lo conocemos hoy. Pero de algo podemos estar seguros y es que el nopal y sus frutos, las tunas, han estado siempre presentes en nuestra alimentación.
942 _2lcc
_cB
_ePrimera edicion
999 _c11083
_d11083